| 000 | 00825nam a22002057a 4500 | ||
|---|---|---|---|
| 999 |
_c17313 _d17313 |
||
| 003 | AR-CdUCM | ||
| 008 | 190508b ||||| |||| 00| 0 spa d | ||
| 040 |
_aMUNICIPALIDAD PROVINCIAL DEL CUSCO _cBIBLIOTECA MUNICIPAL DEL CUSCO |
||
| 082 |
_a869.56 / _bF84 |
||
| 100 |
_aFrisancho, Ariel _937256 |
||
| 245 |
_aSalud comunitaria en el ande Peruano : _bReflexiones sobre una experiencia de cooperación con medicos y enfermeras en servicio rural / |
||
| 260 |
_aPerú : _bPSCTA, _c1993. |
||
| 300 |
_a227 paginas ; _bIlustraciones, graficos, dibujos, _c24 cm. |
||
| 500 | _aPerú | ||
| 505 | _aContenido: Antecedentes -- Serums -- El pryeto serums -- evolución de la experiencia -- Anaslisis de la experiencia... | ||
| 650 |
_aLiteratura _983 |
||
| 650 |
_aHistoria _9136 |
||
| 942 |
_2ddc _cLIBROS |
||
| 945 |
_apjha _d2019-05-08 |
||